| 000 | 01073nam0a22002411 4500 | ||
|---|---|---|---|
| 001 | rc\4964041 | ||
| 005 | 20260409062732.0 | ||
| 021 |
_aRU _bРг3027-62 |
||
| 035 | _a(NLR Aleph) 008863690 | ||
| 090 |
_a8477318 _c8477317 |
||
| 100 | _a20130426d1961 |||y0rusy50 ca | ||
| 101 | 0 | _arus | |
| 102 | _aRU | ||
| 105 | _aa z ||||| | ||
| 200 | 1 |
_aРегулятор уровня РУВЦ-ШК вертикальный, цилиндрический, шкальный с механизмом контроля _eИнструкция по монтажу и эксплуатации, техн. паспорт _fРСФСР. Совет нар. хозяйства Рязан. экон. адм. района. БТИ. Рязан. завод тепловых приборов |
|
| 210 |
_aРязань _cБ. и. _d1961 |
||
| 215 |
_a19 с., 4 л. черт. _d22 |
||
| 712 | 0 | 2 |
_aРязанский завод тепловых приборов _3RU\NLR\AUTH\8810211641 _9310409 |
| 801 | 0 |
_aRU _bNLR _gpsbo |
|
| 801 | 1 |
_aRU _bELAR _2rusmarc |
|
| 852 |
_aNLR _j62-6/3814 |
||
| 942 | _cBOOK | ||
| 980 | _aNB | ||